Statistiken für Gemeinden Landkreis Wunsiedel im Fichtelgebirge

Klicken Sie hier um das Quiz zu spielen!

Allgemein

  • Dieses Quiz wurde 31 mal gespielt
  • Das Durchschnittsergebnis liegt bei 9 aus 17

Antwortstatistiken

EinwohnerGemeindeartGemeinde% Korrekt
9.295Stadt, KreisstadtWunsiedel
94%
17.228Große KreisstadtMarktredwitz
89%
14.895Große KreisstadtSelb
83%
2.228GemeindeTröstau
61%
5.127StadtArzberg
50%
3.013StadtMarktleuthen
50%
3.099StadtWeißenstadt
50%
1.063GemeindeHöchstädt im Fichtelgebirge
44%
3.189StadtKirchenlamitz
44%
1.692GemeindeNagel
44%
2.126GemeindeRöslau
44%
3.221StadtSchönwald
44%
1.775MarktThiersheim
44%
1.162MarktThierstein
44%
966GemeindeBad Alexandersbad
39%
1.456StadtHohenberg an der Eger
39%
1.120MarktSchirnding
39%

Verteilung der Resultate

Perzentil nach korrekt beantworteten Fragen

Anzahl Personen mit jedem Resultat

Ihre Resultats-Entwicklung

Sie haben dieses Quiz noch nicht gespielt